LEADER 00923nam a2200229 i 4500 001 000000176942 003 CaOOAMICUS 005 20090109000000.0 008 090109s1949 it u000 u mul u 013 $a154444 040 $aSeMil$bita 100 1 $aXenophon,$d.$0(OLS)http://semarc/name/7990 245 10$aÉconomique /$cXénophon ; texte établi et traduit par Pierre Chantraine. 260 $aParis :$bLes Belles Lettres,$c1949. 300 $a119 p. 490 0 $aCollection des Universités de France 700 1 $aChantraine, Pierre.$0(OLS)http://semarc/name/918 830 0$aCollection des Universités de France.$0(OLS)http://semarc/title/6036 850 $aSeMil 852 $aSeMil$W1$xVenegono$y1$m1Z I 120$j127756$B127756$CSeMilBibl$Z2$F138278 $81 996 $6245$aÉconomique$9(OLS)http://semarc/title/254103 996 $6260$aParis :$bLes Belles Lettres$9(OLS)http://semarc/publisher/30422 LEADER 00947nam a2200217 i 4500 001 000000229009 003 CaOOAMICUS 005 20140422000000.0 008 140422s1828 it u000 u fre u 013 $a207911 026 $ae.rs v.I2 t.s- pa(a (7) 1828 (A) 040 $aSeMil$bita 245 10$aDeuxième partie, suite des Pères dogmatiques. Tome treizième. 300 $a292 p. 500 $aSull'occhietto : Saint Jean Chrysostome. Tome 1. 773 0 $tBibliothèque choisie des Pères de l'Église grecque et latine, ou cours d'éloquence sacrée; par Marie-Nicolas-Sylvestre Guillon ... Tome 1. [-36.].$dParis : Chez Méquignon-Havard, 1828-1829$g13$w()29766 850 $aSeMil 852 $aSeMil$W1$xVenegono$y1$m2S I 13 FA$j179355$B179355$CSeMilBibl$Z2$F190456 $8I 941 1 $a10 961 $aLascito: Mantegazza 996 $6245$aDeuxième partie, suite des Pères dogmatiques. Tome treizième$9(OLS)http://semarc/title/327680